Quiz sur le Portugal - Quiz à Choix Multiples - Statistiques

Statistiques générales
  • Ce quiz a été pris 344 fois
    339 depuis la dernière actualisation
  • Le résultat moyen est 11 sur 20
Statistiques - réponses
Question Réponse % Correct
Laquelle de ces villes est la plus au sud? Faro
95%
Quelle couleur n'est PAS présente sur le drapeau du Portugal? Violet
95%
Comment se nommait la monnaie portugaise avant l'instauration de l'Euro? Escudo
84%
Laquelle de ces grandes villes n'existe pas au Portugal? Brega
82%
Quelle fleur est le symbole de la Révolution du 25 avril 1974 à Lisbonne? Oeillet
77%
Combien de fois le Portugal a t'il gagné d'Euro de Football? 1
70%
Lequel de ces fleves ne traverse PAS le Portugal? Guadalquivir
67%
Comment se nomme l'hymne national portugais? A Portuguesa
65%
Quel navigateur a un détroit à son nom? Fernand de Magellan
58%
Lequel de ces pays n'est PAS une ancienne colonie portugaise? Guinée équatoriale
56%
Avec La France et le Portugal, quel est le seul pays à administrer des régions ultrapériphériques de l'Union Européenne? Espagne
54%
Quel club de football portugais a pour devise "E pluribus unum", comme les USA? Benfica
53%
Lequel de ces noms n'est pas celui d'un président portugais? Eça de Quieros
44%
Dans lequel de ces sports le Portugal est couramment champion du monde? Hockey sur patins à roulettes
44%
En quel année la monarchie portugaise est elle tombée? 1910
40%
Lequel de ces footballeurs n'est pas né au Portugal? Eusebio da Silva Ferreira
39%
Quel âge aurait supposément la frontière luso-espagnole, la plus ancienne du monde, en 2022? 773 ans
37%
En quelle année le Portugal a rétrocédé Macao à la Chine 1999
30%
Quel explorateur portugais aurait fait la découverte en 1474 de la Terre-Neuve, au Canada, vingt ans avant l'expédition de Christophe Colomb? João Vaz de Corte Real
26%
Lequel de ces personnages politiques n'a pas occupé durablement la place de président durant la période de l'Estado Novo? Antonio de Oliveira Salazar
25%
Aucun quiz correspondant
Distribution des résultats
% des personnes avec chaque résultat
Percentile par nombre de réponses
Votre historique - résultats
Vous n’avez pas pris ce quiz depuis la dernière actualisation